Las vengadoras (Record no. 165162)

MARC details
000 -LEADER
campo de control de longitud fija 00771nam a22001935i 4500
001 - NÚMERO DE CONTROL
campo de control 165162
003 - IDENTIFICADOR DE NÚMERO DE CONTROL
campo de control ES-MaACL
005 - FECHA Y HORA DE LA ÚLTIMA TRANSACCIÓN
campo de control 20251014063240.0
008 - DATOS DE LONGITUD FIJA--INFORMACIÓN GENERAL
campo de control de longitud fija 000214s1884 sp |||| | spa d
040 ## - FUENTE DE CATALOGACIÓN
Centro catalogador/agencia de origen CAM
Lengua de catalogación spa
Centro/agencia transcriptor CAM
100 1# - ENTRADA PRINCIPAL--NOMBRE DE PERSONA
Nombre de persona Sellés, Eugenio,
Fechas asociadas al nombre 1842-1926
9 (RLIN) 145933
245 14 - MENCIÓN DEL TÍTULO
Título Las vengadoras
Resto del título : drama en tres actos y en prosa /
Mención de responsabilidad, etc. original de Eugenio Sellés.
260 ## - PUBLICACIÓN, DISTRIBUCIÓN, ETC.
Lugar de publicación, distribución, etc. Madrid :
Nombre del editor, distribuidor, etc. [Administración lírico-dramática],
Fecha de publicación, distribución, etc. 1884 (
Fabricante Tipografía de Gregorio Estrada)
300 ## - DESCRIPCIÓN FÍSICA
Extensión 75 p. ;
Dimensiones 20 cm.
500 ## - NOTA GENERAL
Nota general Representado por primera vez en Madrid, en el teatro de la Comedia el 10 de marzo de 1884.
596 ## - NOTA AL PIE DE IMPRENTA
NOTA AL PIE DE IMPRENTA Ed. tomado de la cub.
852 ## - LOCALIZACIÓN
Ubicación ES-MaACL
Número de control de estantería T-415-F-15
Nota libre -- Enc. hol.
-- -- Enc. en un vol. facticio
Holdings
Estatus retirado Estado de pérdida Estado de daño No para préstamo Colección Biblioteca de origen Biblioteca actual Ubicación en estantería Fecha de adquisición Total de préstamos Signatura topográfica completa Código de barras Visto por última vez Precio de reemplazo Tipo de ítem Koha
        Colección de folletos Biblioteca del Ateneo de Madrid Biblioteca del Ateneo de Madrid Depósito folletos 17/01/2008   T-415-F-15 1173179 23/02/2023 23/02/2023 Folleto